Vincitori Coppa d'Asia - Statistics

Statistiche generali
  • Questo quiz è stato fatto 72 volte
  • Il punteggio medio è 6 su 9
Statistiche sulle risposte
Numero vittorie Edizioni vincenti Nazionale % Corretto
4 1992 - 2000 - 2004 - 2011 Giappone
97%
2 1956 - 1960 Corea del Sud
92%
3 1984 - 1988 - 1996 Arabia Saudita
86%
3 1968 - 1972 - 1976 Iran
86%
1 2007 Iraq
76%
2 2019 - 2023 Qatar
73%
1 2015 Australia
61%
1 1964 Israele
46%
1 1980 Kuwait
32%
Nessun quiz corrispondente trovato
Distribuzione punteggi
Percentuale di utenti per punteggio
Percentile per numero di risposta
I tuoi punteggi nel tempo
Non hai fatto questo quiz